Statistiques concernant Drapeaux de pays avec 3 bandes horizontales

Cliquez ici pour prendre le quiz!

Statistiques générales

  • Ce quiz a été pris 408 fois
    (390 depuis la dernière actualisation)
  • Le résultat moyen est 12 sur 14

Statistiques - réponses

Réponse% Correct
Allemagne
100%
Russie
93%
Autriche
92%
Colombie
91%
Pays-Bas
91%
Bulgarie
90%
Luxembourg
90%
Estonie
89%
Arménie
84%
Lettonie
77%
Lituanie
75%
Gabon
69%
Yémen
69%
Sierra Leone
59%

Distribution des résultats

Percentile par nombre de réponses

% des personnes avec chaque résultat

Votre développement - résultats

Vous n’avez pas pris ce quiz depuis la dernière actualisation